Một số nhận định về "Hiện tượng tôn giáo mới" ở Việt Nam hiện nay /

Spremljeno u:
Bibliografski detalji
Glavni autor: Đỗ Quang Hưng.
Format: Članak
Jezik:Vietnamese
Oznake: Dodaj oznaku
Bez oznaka, Budi prvi tko označuje ovaj zapis!
Thư viện lưu trữ: Thư viện Trường Đại học Đà Lạt
LEADER 00759nam a2200229 4500
001 DLU180183396
005 ##20180122
040 # # |a DLU  |b vie 
041 # # |a vie 
044 # # |a vn 
100 # # |a Đỗ Quang Hưng. 
245 # # |a Một số nhận định về "Hiện tượng tôn giáo mới" ở Việt Nam hiện nay /  |c Đỗ Quang Hưng. 
773 # # |t Chủ nghĩa hậu hiện đại và phong trào tôn giáo mới ở Việt Nam và thế giới  |g 2014, tr. 223-262 
920 # # |a Phòng Sau đại học -- Trung tâm Thông tin - Thư viện Trường Đại học Đà Lạt 
994 # # |a DLU 
900 # # |a True 
911 # # |a Hoàng Thị Huyền 
925 # # |a G 
926 # # |a A 
927 # # |a BB 
980 # # |a Thư viện Trường Đại học Đà Lạt